Verbindungselemente /

Saved in:
Bibliographic Details
Main Author: Decker, Karl-Heinz
Format: Book
Language:German
Published: Leipzig : Fachbuchverl, 1955.
ISBN: (viaz.)
Physical Description: viii, 292 s. : tab.
Tags: Add Tag
No Tags, Be the first to tag this record!

MARC

LEADER 00000nam a22000002a 4500
001 000464821
005 20150417214736.0
008 101001s1955 gw l e 000 0 ger d
020 |a (viaz.)  |c Kčs 21,60 
040 |a SVKKK  |b slo  |c SVKKK  |e AACR2 
041 0 |a ger 
044 |a gw  |c DE 
100 1 |a Decker, Karl-Heinz 
245 1 0 |a Verbindungselemente /  |c von K. H. Decker. 
260 |a Leipzig :  |b Fachbuchverl,  |c 1955. 
300 |a viii, 292 s. :  |b tab. 
910 |a svkkk 
998 |a BK 
090 |g SCKHL  |k Sklad Pribinova 1. posch.  |a IV.20062  |j 169253  |i 464821-10  |s Prezenčne